000 00433nam a2200181Ia 4500
005 20250423101633.0
008 250422s9999 xx 000 0 und d
020 _a0201847078
050 _aTK 454 .N54/
100 _aNilsson, James William
245 0 _aUsing computer tools for electric circuits
250 _a5th ed.
260 _aNew York
260 _bAddison-Wesley
260 _c1996
300 _a143 p
942 _cBK
999 _c36831
_d36831